000 00683ata a2200253 4500
005 20250818135022.0
008 150518b2008 xxu||||| |||| 00| 0 spa d
020 _a8489127336
041 _aESP
041 _aING
082 _a333.783.097.286 Z95g
100 _aZuñiga, Ricardo
245 _aGuía de los parques nacionales de Costa Rica=National parks guide
250 _a4 edición
260 _aCosta Rica
_bIncafo
_c2008
300 _a224 páginas
490 _aTurismo
650 _aPARQUES NACIONALES
650 _aRESERVAS DE TIERRAS
650 _aREFUGIOS DE VIDA SILVESTRE
650 _aCOSTA RICA
650 _aÁREAS DE CONSERVACIÓN
942 _cBK
_2ddc
999 _c5609
_d5609